Small European Countries' Neighbors Quiz Stats

 Plays Quiz Updated Mar 27, 2019

Score 0/28 Timer 01:30
7 Plays Today
Country % Correct
Italy
99.7%
Italy
99.7%
Italy
99.7%
France
99.1%
France
99.1%
France
99.1%
Germany
95.3%
Spain
90.9%
Switzerland
90.2%
Belgium
90%
Austria
89.6%
Austria
89.6%
Serbia
86.1%
Serbia
86.1%
Country % Correct
Serbia
86.1%
Croatia
84.3%
Croatia
84.3%
Greece
81.1%
Albania
77.4%
Albania
77.4%
Albania
77.4%
Montenegro
74.8%
North Macedonia
72.9%
Bosnia and Herzegovina
70.9%
Hungary
66.9%
Bulgaria
64.4%
Kosovo
63.9%
Kosovo
63.9%

You're not logged in!

Compare scores with friends on all Sporcle quizzes.
OR
Log In

Sporcle TV

Today on Sporcle TV


Watch our educational content, quiz creation guides, and fun videos on Sporcle TV.

Show Comments

Extras

Top Quizzes Today


Score Distribution

Your Account Isn't Verified!

In order to create a playlist on Sporcle, you need to verify the email address you used during registration. Go to your Sporcle Settings to finish the process.

Report this User

Report this user for behavior that violates our Community Guidelines.

Details: